00409nam a2200157Ia 4500008004100000020000700041082001500048100002000063245003300083250000700116260003500123300002900158500000700187600003300194650002400227240925s9999 xx 000 0 und d aNA a796.44 PRE aNot - Available 0aWisden: cricketer's almanack aNA aLondon:bJohn Woodcockc,1979. axv,425p.bN.AfPhotocopy aNA aHumanities & Natural Science aArts and Recreation